| 000 | 00520nam a2200109Ia 4500 | ||
|---|---|---|---|
| 008 | 171212s9999 xx 000 0 und d | ||
| 245 |
_ceditor Mayberry, Katherine _aTeaching What You're Not _bIdentity Politics in Higher Education |
||
| 260 |
_bNew York University Press _c1996 |
||
| 650 | _aCollege teaching -- United States; Education, Higher -- political aspects -- United States; Multicultural education -- United States; Identity (Psychology) | ||
| 650 | _aEducation | ||
| 856 | _uhttp://www.jstor.org/stable/j.ctt9qfbvx | ||
| 999 |
_c351555 _d351555 |
||